Los nombres del padre en jacques lacan : (Record no. 28652)

MARC details
000 -LEADER
campo de control de longitud fija 00571nam a22001937a 4500
001 - NÚMERO DE CONTROL
campo de control 00028622
005 - FECHA Y HORA DE LA ÚLTIMA TRANSACCIÓN
campo de control 20260321110059.0
008 - DATOS DE LONGITUD FIJA--INFORMACIÓN GENERAL
campo de control de longitud fija 260321b ag ||||| |||| 00| 0 spa d
020 ## - NÚMERO INTERNACIONAL ESTÁNDAR DEL LIBRO
Número Internacional Estándar del Libro 9506023727
040 ## - FUENTE DE CATALOGACIÓN
Centro catalogador/agencia de origen AR-CcCEOS
Lengua de catalogación Español; Castellano
Centro/agencia transcriptor AR-CcCEOS
041 ## - CÓDIGO DE IDIOMA
Código de lengua del texto/banda sonora o título independiente Español; Castellano
090 ## - LOCALMENTE ASIGNADO TIPO-LC NÚMERO DE CLASIFICACIÓN (OCLC); NÚMERO DE CLASIFICACIÓN LOCAL (RLIN)
Número cutter local (OCLC) ; Número de libro/Signatura topográfica íntegra, CALL (RLIN) POR
100 1# - ENTRADA PRINCIPAL--NOMBRE DE PERSONA
Nombre de persona Porge, Erik
9 (RLIN) 951
245 ## - MENCIÓN DEL TÍTULO
Título Los nombres del padre en jacques lacan :
Resto del título puntuaciones y problematicas /
Mención de responsabilidad, etc. Erik Porge
264 ## - PRODUCCIÓN, PUBLICACIÓN, DISTRIBUCIÓN, FABRICACIÓN Y COPYRIGHT
Producción, publicación, distribución, fabricación y copyright Buenos Aires :
Nombre del de productor, editor, distribuidor, fabricante Nueva Visión,
Fecha de producción, publicación, distribución, fabricación o copyright c1998.
300 ## - DESCRIPCIÓN FÍSICA
Extensión 233 p. ;
Dimensiones 24x15 cm.
655 #0 - TERMINO DE INDIZACIÓN--GENERO/FORMA
Datos o término principal de género/forma psicología
Subdivisión de forma psiconoanalisis
9 (RLIN) 124
942 ## - ELEMENTOS DE ENTRADA SECUNDARIOS (KOHA)
Fuente de la clasificación o esquema de estantería Clasificación decimal universal
Tipo de ítem Koha Libros
Suprimir en OPAC No

No items available.